000 00596nam a2200229Ia 4500
003 OSt
005 20220928102543.0
006 a|||||r|||| 00| 0
007 ta
008 220927b |||||||| |||| 00| 0 eng d
024 _a56608
037 _cTextual
040 _aSDCL
_cSDCL
_beng
041 _2eng
_aeng
082 _aO152,3N44, L2
100 _aParvej Mehrunnisa
_9398932
245 0 _aUska ghar.
260 _aDelhi
_bNational Publishing House
_c1972
300 _a166p
_ccm.
942 _hO152,3N44, L2
_cTEXL
_2CC
999 _c714790
_d714790